000 00691nam a2200253Ia 4500
003 OSt
005 20221005043126.0
006 a|||||r|||| 00| 0
007 ta
008 221004b |||||||| |||| 00| 0 eng d
020 _a0754621804
024 _a139
037 _cTextual
040 _aCRL
_cCRL
_beng
041 _2eng
_aeng
082 _aY:6:(R34), P3
100 _aMorales Alfonso Ed.
_9591228
245 0 _aRenascent pragmatism
_b Studies in law and social science
260 _aEngland
_bAshgate Publishing
_c2003
300 _a252p.
_ccm.
650 _aSOCIOLOGY
942 _hY:6:(R34), P3
_cTEXL
_2cc
999 _c951327
_d951327